Análisis por computadora del comportamiento dinámico de los trenes
Furkejuvvon:
| Váldodahkki: | |
|---|---|
| Materiálatiipa: | Girji |
| Almmustuhtton: |
[San José , Costa Rica]
1983
|
| Fáttát: | |
| Fáddágilkorat: |
Lasit fáddágilkoriid
Eai fáddágilkorat, Lasit vuosttaš fáddágilkora!
|
MARC
| LEADER | 00000nam a2200000Ia 4500 | ||
|---|---|---|---|
| 003 | 002169 | ||
| 005 | 20221231144420.0 | ||
| 008 | 140114s1983 cr a m 000 ||s d | ||
| 040 | |c cru CEDI | ||
| 090 | |a TFG 1336 | ||
| 100 | |a Castillo Saborío, Alfonso |9 15321 | ||
| 245 | |a Análisis por computadora del comportamiento dinámico de los trenes | ||
| 260 | |c 1983 |a [San José , Costa Rica] | ||
| 300 | |a 73 hojas : ilustraciones, 41 plegables ; 27 cm | ||
| 500 | |a Proyecto de graduación (ingeniero civil)--Universidad de Costa Rica. Facultad de Ingeniería. Escuela de Ingeniería Civil | ||
| 650 | |x VIAS FERREAS |9 15323 | ||
| 942 | |c TFG | ||
| 999 | |c 21538 |d 21538 | ||
